[Event "Dortmund8"]
[Site "Dortmund"]
[Date "2003.11.21"]
[Round "12"]
[White "Benke, Werner"]
[Black "Ezzat, Tarik"]
[Result "1-0"]
[WhiteElo "1636"]
[BlackElo "1551"]
[PlyCount "102"]
[EventDate "2003.10.08"]
[EventType "tourn"]
[EventRounds "13"]
[EventCountry "GER"]
[SourceTitle "EXT 2007"]
[Source "ChessBase"]
[SourceDate "2006.11.23"]
[SourceVersion "1"]
[SourceVersionDate "2006.11.23"]
[SourceQuality "1"]

1. e4 e5 2. Nf3 Nf6 3. Bc4 Nxe4 4. Nxe5 d5 5. Qf3 Nf6 6. Be2 Bc5 7. c3 0-0 8. d4 Bd6 9. h3 Nbd7 10. Nxd7 Bxd7 11. Bg5 Re8 12. 0-0 Be7 13. Bd3 Ne4 14. Bf4 c5 15. Nd2 f5 16. c4 Bc6 17. cxd5 Nxd2 18. Bxd2 Qxd5 19. Qxd5+ Bxd5 20. dxc5 Bxc5 21. Bxf5 Re2 22. Bc3 Rf8 23. g4 g6 24. Rad1 Bxa2 25. Rd7 Rf7 26. Rd8+ Rf8 27. Rd7 Re7 28. Rxe7 Bxe7 29. Be4 Bc4 30. Rd1 Bc5 31. Rd2 b5 32. Kg2 Bb6 33. f3 Rd8 34. Rxd8+ Bxd8 35. Kf2 Bb6+ 36. Ke1 a5 37. Kd2 b4 38. Be5 a4 39. Bd3 Bd5 40. f4 Kf7 41. Bc2 Bc6 42. Bd3 Ba5 43. Bc4+ Ke7 44. Bg8 a3 45. bxa3 bxa3+ 46. Kc2 Ba4+ 47. Kd3 Bb5+ 48. Kc2 Bc6 49. Bxh7 Kf7 50. Kb3 Bg2 51. h4 Bf3 1-0

[Event "Dortmund8"]
[Site "Dortmund"]
[Date "2003.11.15"]
[Round "10"]
[White "Krueger, Georg"]
[Black "Ezzat, Tarik"]
[Result "0-1"]
[WhiteElo "1739"]
[BlackElo "1551"]
[PlyCount "66"]
[EventDate "2003.10.08"]
[EventType "tourn"]
[EventRounds "13"]
[EventCountry "GER"]
[SourceTitle "EXT 2007"]
[Source "ChessBase"]
[SourceDate "2006.11.23"]
[SourceVersion "1"]
[SourceVersionDate "2006.11.23"]
[SourceQuality "1"]

1. e4 e5 2. Bc4 Nf6 3. d3 Bc5 4. Nf3 d5 5. exd5 Bg4 6. Nc3 a6 7. a4 0-0 8. Bg5 Be7 9. h3 Bf5 10. Nxe5 Nbd7 11. Nxd7 Qxd7 12. 0-0 Bxh3 13. Qf3 Bg4 14. Qg3 Bd6 15. Qh4 Ne8 16. d4 f6 17. Be3 Bf5 18. Ne2 Bxc2 19. Rfc1 Bg6 20. Nf4 Bxf4 21. Bxf4 Nd6 22. Bb3 Bf7 23. Bc2 f5 24. Bb3 Rac8 25. Rc3 Ne4 26. Rh3 h5 27. Be5 g5 28. Rg3 Qd8 29. d6 Nxg3 30. Qxg3 cxd6 31. Bxd6 h4 32. Bxf7+ Rxf7 33. Qb3 Qxd6 0-1

[Event "Dortmund8"]
[Site "Dortmund"]
[Date "2003.11.12"]
[Round "9"]
[White "Volmer, Martin"]
[Black "Ezzat, Tarik"]
[Result "1-0"]
[WhiteElo "1732"]
[BlackElo "1551"]
[PlyCount "87"]
[EventDate "2003.10.08"]
[EventType "tourn"]
[EventRounds "13"]
[EventCountry "GER"]
[SourceTitle "EXT 2007"]
[Source "ChessBase"]
[SourceDate "2006.11.23"]
[SourceVersion "1"]
[SourceVersionDate "2006.11.23"]
[SourceQuality "1"]

1. d4 Nf6 2. Nf3 g6 3. Bf4 Bg7 4. Nbd2 d5 5. e3 Nc6 6. c4 Bf5 7. a3 Nh5 8. Bg3 Nxg3 9. hxg3 e5 10. cxd5 Qxd5 11. Bc4 Qd8 12. e4 Bd7 13. d5 Na5 14. Bd3 0-0 15. b4 c6 16. bxa5 Qxa5 17. dxc6 Bxc6 18. 0-0 Rad8 19. Qc2 Rc8 20. Nc4 Qd8 21. Qe2 f6 22. a4 Qd7 23. Rfd1 Qe7 24. Na5 Kh8 25. Nxc6 Rxc6 26. Bb5 Rd6 27. Rxd6 Qxd6 28. Rd1 Qb4 29. Qc4 Qa3 30. Qc7 Rg8 31. Bc4 Rf8 32. Rd7 Qc1+ 33. Bf1 Qxc7 34. Rxc7 Rb8 35. Nd2 Bh6 36. Nc4 b5 37. axb5 Rxb5 38. Nd6 Ra5 39. Bc4 Ra1+ 40. Kh2 Bd2 41. Rc8+ Kg7 42. Rg8+ Kh6 43. Nf7+ Kh5 44. Be2# 1-0